Guess the 1970s song lyrics #42 - Statistics

General Stats
  • This quiz has been taken 28 times
    5 since last reset
  • The average score is 184 of 227
Answer Stats
Answer % Correct
a
100%
A
100%
all
100%
All
100%
and
100%
baby
100%
be
100%
been
100%
but
100%
by
100%
can't
100%
do
100%
don't
100%
for
100%
get
100%
Got
100%
got
100%
gotta
100%
head
100%
her
100%
I
100%
I've
100%
know
100%
me
100%
move
100%
Move
100%
my
100%
no
100%
now
100%
of
100%
Oh
100%
oh
100%
she's
100%
that
100%
the
100%
walk
100%
way
100%
What
100%
when
100%
yeah
100%
you
100%
Ah
75%
ah
75%
ain't
75%
away
75%
come
75%
down
75%
Gonna
75%
gonna
75%
groove
75%
happy
75%
heart
75%
Hey
75%
hey
75%
keep
75%
lies
75%
make
75%
mama
75%
man
75%
pretty
75%
said
75%
shake
75%
soul
75%
star
75%
sweat
75%
tell
75%
telling
75%
thing
75%
through
75%
told
75%
too
75%
woman
75%
ask
50%
big
50%
burn
50%
burning
50%
car
50%
Dreams
50%
Eyes
50%
fill
50%
found
50%
friend
50%
honey
50%
legged
50%
long
50%
mean
50%
money
50%
Need
50%
out
50%
people
50%
pray
50%
red
50%
Started
50%
Steady
50%
sting
50%
Take
50%
took
50%
Watch
50%
while
50%
child
25%
drip
25%
flaming
25%
fore
25%
hand
25%
hold
25%
roll
25%
shine
25%
stand
25%
still
25%
Won't
25%
rollin
0%
Spent
0%
No matching quizzes found
Score Distribution
Percent of People with Each Score
Percentile by Number Answered
Your Score History
You have not taken this quiz since the last reset